Combates por la historia / (Record no. 61941)

MARC details
000 -LEADER
campo de control de longitud fija 00693nam a2200217 i 4500
001 - NÚMERO DE CONTROL
campo de control 61941
003 - IDENTIFICADOR DE NÚMERO DE CONTROL
campo de control ES-MaACL
005 - FECHA Y HORA DE LA ÚLTIMA TRANSACCIÓN
campo de control 20250831063033.0
007 - CAMPO FIJO DE DESCRIPCIÓN FÍSICA--INFORMACIÓN GENERAL
campo de control de longitud fija t|
008 - DATOS DE LONGITUD FIJA--INFORMACIÓN GENERAL
campo de control de longitud fija 031114s1974 sp ||||1| spa d
100 1# - ENTRADA PRINCIPAL--NOMBRE DE PERSONA
Nombre de persona Febvre, Lucien,
Fechas asociadas al nombre 1878-1956
9 (RLIN) 49047
245 10 - MENCIÓN DEL TÍTULO
Título Combates por la historia /
Mención de responsabilidad, etc. Lucien Febvre ; traducción de Francisco J. Fernández Buey y Enrique Argullol.
250 ## - MENCION DE EDICION
Mención de edición [3ª ed.].
260 ## - PUBLICACIÓN, DISTRIBUCIÓN, ETC.
Lugar de publicación, distribución, etc. Barcelona :
Nombre del editor, distribuidor, etc. Ariel,
Fecha de publicación, distribución, etc. [1974]
300 ## - DESCRIPCIÓN FÍSICA
Extensión 246 p. ;
Dimensiones 18 cm.
700 1# - ENTRADA AGREGADA--NOMBRE PERSONAL
Nombre de persona Fernández Buey, Francisco.
9 (RLIN) 49526
700 1# - ENTRADA AGREGADA--NOMBRE PERSONAL
Nombre de persona Argullol, Enrique.
9 (RLIN) 22729
852 ## - LOCALIZACIÓN
Ubicación ES-MaACL
Número de control de estantería E-5569
Sublocalización o colección R.89963
852 ## - LOCALIZACIÓN
Ubicación ES-MaACL
Número de control de estantería E-5983
Sublocalización o colección R.90164
Holdings
Estatus retirado Estado de pérdida Estado de daño No para préstamo Biblioteca de origen Biblioteca actual Ubicación en estantería Fecha de adquisición Fuente de adquisición Total de préstamos Signatura topográfica completa Código de barras Visto por última vez Precio de reemplazo Tipo de ítem Koha
        Biblioteca del Ateneo de Madrid Biblioteca del Ateneo de Madrid Depósito 2 17/01/2008     E-5983 1064943 23/02/2023 23/02/2023 Libro impreso
        Biblioteca del Ateneo de Madrid Biblioteca del Ateneo de Madrid Depósito 2 17/01/2008     E-5569 1064942 23/02/2023 23/02/2023 Libro impreso